Desserts from 'Q' - Statistics

General Stats
  • This quiz has been taken 4 times
  • The average score is 2 of 10
Answer Stats
Picture Answer % Correct
Queen of Puddings
50%
Quesito
50%
Qottab
25%
Queijadinha
25%
Quindim
25%
Qurabiya
25%
Qatayef
0%
Quarkballchen
0%
Quetschentaart
0%
Qumeshtor me Pete
0%
No matching quizzes found
Score Distribution
Percent of People with Each Score
Percentile by Number Answered
Your Score History
You have not taken this quiz